| Поле | Инд. | ПП | Название | Значение |
|---|---|---|---|---|
| Тип записи | a | |||
| Библиографический уровень | b | |||
| 001 | Контрольный номер | RU/IS/BASE/264553872 | ||
| 005 | Дата корректировки | 20200522190625.1 | ||
| 008 | Кодируемые данные | 19970409 | ||
| 084 | a | Индекс другой классификации/Индекс ББК | 65.292.1; 65.201 | |
| 097 | 00 | a | 750 | |
| 100 | 10 | a | Автор | Савченко В. |
| 100 | 1_ | a | Автор | Шулус А. |
| 245 | 00 | a | Заглавие | Феномен государственного предпринимательства |
| 650 | a | Основная рубрика | предпринимательство | |
| a | Основная рубрика | сектора экономики | ||
| a | Основная рубрика | экономика | ||
| a | Основная рубрика | экономика предприятия | ||
| 653 | 00 | a | Ключевые слова | государственное предпринимательство |
| a | Ключевые слова | государственные монополии | ||
| a | Ключевые слова | государственные предприятия | ||
| a | Ключевые слова | контроль предпринимательства | ||
| a | Ключевые слова | макроэкономика | ||
| a | Ключевые слова | микроэкономика | ||
| a | Ключевые слова | монополии | ||
| a | Ключевые слова | оперативное управление | ||
| a | Ключевые слова | рентабельные предприятия | ||
| a | Ключевые слова | стратегическое управление | ||
| 773 | 00 | t | Заглавие источника | Российский экономический журнал |
| d | Дата издания источника | 1997 | ||
| g | Прочая информация | № 1. - С. 63 - 69 | ||
| w | Контрольный № источника | RU/IS/BASE/140878020 | ||
| 901 | t | Тип документа | b |